<?xml version="1.0" encoding="UTF-8"?>
<collection xmlns="http://www.loc.gov/MARC21/slim">
 <record>
  <leader>01357pamaa2200193   4500</leader>
  <controlfield tag="001">0000019341</controlfield>
  <controlfield tag="005">20081106090000.0</controlfield>
  <controlfield tag="008">081106                             eng  </controlfield>
  <datafield tag="020" ind1="0" ind2="0">
   <subfield code="a">0131400975 (pbk.) </subfield>
  </datafield>
  <datafield tag="090" ind1="0" ind2="0">
   <subfield code="a">HF5548.32 </subfield>
   <subfield code="b">COU 2005</subfield>
  </datafield>
  <datafield tag="100" ind1="1" ind2="0">
   <subfield code="a">Coupey </subfield>
  </datafield>
  <datafield tag="245" ind1="1" ind2="0">
   <subfield code="a">Digital business : </subfield>
   <subfield code="b">concepts and strategy  </subfield>
   <subfield code="c">Eloise Coupey.</subfield>
  </datafield>
  <datafield tag="250" ind1="0" ind2="0">
   <subfield code="a">2nd ed.</subfield>
  </datafield>
  <datafield tag="260" ind1="0" ind2="0">
   <subfield code="a">Upper Saddle River, N.J.: </subfield>
   <subfield code="b">Pearson Prentice Hall, </subfield>
   <subfield code="c">2005.</subfield>
  </datafield>
  <datafield tag="300" ind1=" " ind2=" ">
   <subfield code="a">xxiii, 433 p.: </subfield>
   <subfield code="b">ill.; </subfield>
   <subfield code="c">24 cm.</subfield>
  </datafield>
  <datafield tag="500" ind1="0" ind2="0">
   <subfield code="a">Business and the internet -- A framework for&#13;
                  digital business -- How does the internet affect buyer&#13;
                  behavior? -- How does the internet affect businesses? --&#13;
                  Technology and the digital marketplace -- Policy and the&#13;
                  digital marketplace -- The evolution of digital business --&#13;
                  Strategic planning for digital business -- Developing&#13;
                  business intelligence with online research -- Digital content&#13;
                  and business activity -- Digital channels and business&#13;
                  activity -- Digital communications and business activity --&#13;
                  Digital business-to-business -- Focus on the future :&#13;
                  relationship management for digital business</subfield>
  </datafield>
  <datafield tag="650" ind1="0" ind2="0">
   <subfield code="a">Electronic commerce </subfield>
  </datafield>
  <datafield tag="650" ind1="0" ind2="0">
   <subfield code="a">Internet </subfield>
  </datafield>
  <datafield tag="901" ind1=" " ind2=" ">
   <subfield code="u">www.prenhall.com</subfield>
  </datafield>
 </record>
</collection>
